000 00269 a2200085 4500
020 _a9788174092304
100 _a Santosh Kumar Garg
245 _aEnvironmental Engineering (Vol. II) Sewage Waste Disposal and Air Pollution Engineering
260 _b‎ Khanna Publishers
_c2024
999 _c13373
_d13373